[Event "SVK-chT4 A21 2223"]
[Site "Slovakia"]
[Date "2023.03.26"]
[Round "11.3"]
[White "Horak, Viliam"]
[Black "Adamec, Jozef"]
[Result "1-0"]
[WhiteElo "1215"]
[BlackElo "1392"]
[PlyCount "81"]
[EventDate "2022.10.09"]
[EventType "team-tourn"]
[EventRounds "11"]
[EventCountry "SVK"]
[SourceTitle "EXT 2024"]
[Source "ChessBase"]
[SourceDate "2023.10.10"]
[SourceVersion "1"]
[SourceVersionDate "2023.10.10"]
[SourceQuality "1"]
[WhiteTeam "Holic II"]
[BlackTeam "Smolenice"]
[WhiteTeamCountry "SVK"]
[BlackTeamCountry "SVK"]

1. d4 d5 2. c4 c6 3. Nc3 Nf6 4. Nf3 Bf5 5. Bg5 e6 6. e3 Be7 7. Be2 0-0 8. 0-0 Nbd7 9. Rc1 h6 10. Bh4 Ne4 11. Bxe7 Qxe7 12. Nxe4 dxe4 13. Nd2 Bh7 14. Qc2 f5 15. Nb3 b6 16. Rfd1 f4 17. Bf1 f3 18. g3 Qg5 19. c5 b5 20. Na5 Nb8 21. Nb7 a6 22. Nd6 Nd7 23. Nxe4 Qg4 24. h3 Qh5 25. Kh2 Nf6 26. Nxf6+ Rxf6 27. Bd3 Bxd3 28. Qxd3 g5 29. Qe4 Qe8 30. b4 Rd8 31. Rd2 Rd5 32. Rcd1 Kg7 33. Qc2 h5 34. e4 Rd7 35. d5 exd5 36. exd5 Rxd5 37. Rxd5 cxd5 38. Rxd5 Qe2 39. Qd2 Kh6 40. Qxg5+ Kh7 41. Rd7+ 1-0